|
|
|
|
| LEADER |
00000nab a2200000 a 4500 |
| 001 |
vtls008847554 |
| 003 |
SK-MaSNL |
| 005 |
20260305001744.0 |
| 008 |
250505c2006 xo mr|p|||||||000 b|slo |
| 015 |
|
|
|a SNBRB2006/09
|2 snkbucl
|
| 035 |
|
|
|a (uuid)32624a93-396e-4f7a-820c-4ad618df274b
|
| 035 |
|
|
|a urn:nbn:sk:snk-abc0pr
|
| 035 |
|
|
|a (urnnbn)urn:nbn:sk:snk:ar-004fke
|
| 038 |
|
|
|a SNKBUCL
|
| 040 |
|
|
|a SNKBUCL
|b slo
|c SNKBUCL
|e AACR2
|
| 041 |
0 |
|
|a slo
|
| 044 |
|
|
|a xo
|c SK
|
| 080 |
|
|
|a 82:070(437.6)
|2 1997
|
| 080 |
|
|
|a 070.488(437.6)
|2 1997
|
| 080 |
|
|
|a 821.161.1:070.488(437.6)
|2 1997
|
| 100 |
1 |
|
|a Kusá, Mária,
|d 1957-
|4 aut
|9 110292
|
| 245 |
1 |
0 |
|a Ruská literatúra ako znak doby
|b listovanie v štyridsiatich ročníkoch časopisu Revue svetovej literatúry
|c Máša Kusá
|
| 630 |
0 |
7 |
|a Revue svetovej literatúry (časopis)
|x ruská literatúra
|x prezentácia
|y 1965-2003
|2 snkbucl
|9 1577324
|
| 650 |
0 |
7 |
|a ruská literatúra
|x časopisecká reflexia
|z Slovensko
|2 snkbucl
|9 1577325
|
| 773 |
0 |
|
|t Revue svetovej literatúry
|g Roč. XLII, č. 2 (2006), s. 149-154
|
| 850 |
|
|
|a Slovenská národná knižnica
|
| 852 |
|
|
|a Slovenská národná knižnica
|
| 958 |
|
|
|a article15
|
| 958 |
|
|
|a OND
|
| 958 |
|
|
|a LX
|
| 958 |
|
|
|a SK
|
| 958 |
|
|
|a RU
|
| 958 |
|
|
|a EUIPO
|
| 999 |
|
|
|c 3221113
|d 3223043
|